Manchester City Full Squad (2000-) - Statistics

General Stats
  • This quiz has been taken 1,588 times
    1,119 since last reset
  • The average score is 323 of 625
Answer Stats
Year # Pos/Country Answer % Correct
2000-2001 15 DF Alf-Inge Haaland
98%
2022-2023 9 FW Erling Haaland
98%
2023-2024 9 FW Erling Haaland
98%
2024-2025 9 FW Erling Haaland
98%
2017-2018 20 MF Bernardo Silva
97%
2018-2019 20 MF Bernardo Silva
97%
2019-2020 20 MF Bernardo Silva
97%
2020-2021 20 MF Bernardo Silva
97%
2021-2022 20 MF Bernardo Silva
97%
2022-2023 20 MF Bernardo Silva
97%
2023-2024 20 MF Bernardo Silva
97%
2024-2025 20 MF Bernardo Silva
97%
2015-2016 17 MF Kevin De Bruyne
97%
2016-2017 17 MF Kevin De Bruyne
97%
2017-2018 17 MF Kevin De Bruyne
97%
2018-2019 17 MF Kevin De Bruyne
97%
2019-2020 17 MF Kevin De Bruyne
97%
2020-2021 17 MF Kevin De Bruyne
97%
2021-2022 17 MF Kevin De Bruyne
97%
2022-2023 17 MF Kevin De Bruyne
97%
2023-2024 17 MF Kevin De Bruyne
97%
2024-2025 17 MF Kevin De Bruyne
97%
2010-2011 21 MF David Silva
96%
2011-2012 21 MF David Silva
96%
2012-2013 21 MF David Silva
96%
2013-2014 21 MF David Silva
96%
2014-2015 21 MF David Silva
96%
2015-2016 21 MF David Silva
96%
2016-2017 21 MF David Silva
96%
2017-2018 21 MF David Silva
96%
2018-2019 21 MF David Silva
96%
2019-2020 21 MF David Silva
96%
2017-2018 31 GK Ederson
96%
2018-2019 31 GK Ederson
96%
2019-2020 31 GK Ederson
96%
2020-2021 31 GK Ederson
96%
2021-2022 31 GK Ederson
96%
2022-2023 31 GK Ederson
96%
2023-2024 31 GK Ederson
96%
2024-2025 31 GK Ederson
96%
2011-2012 16 FW Sergio Agüero
96%
2012-2013 16 FW Sergio Agüero
96%
2013-2014 16 FW Sergio Agüero
96%
2014-2015 16 FW Sergio Agüero
96%
2015-2016 10 FW Sergio Agüero
96%
2016-2017 10 FW Sergio Agüero
96%
2017-2018 10 FW Sergio Agüero
96%
2018-2019 10 FW Sergio Agüero
96%
2019-2020 10 FW Sergio Agüero
96%
2020-2021 10 FW Sergio Agüero
96%
2016-2017 8 MF İlkay Gündoğan
95%
2017-2018 8 MF İlkay Gündoğan
95%
2018-2019 8 MF İlkay Gündoğan
95%
2019-2020 8 MF İlkay Gündoğan
95%
2020-2021 8 MF İlkay Gündoğan
95%
2021-2022 8 MF İlkay Gündoğan
95%
2022-2023 8 MF İlkay Gündoğan
95%
2024-2025 19 MF İlkay Gündoğan
95%
2016-2017 24 DF John Stones
95%
2017-2018 5 DF John Stones
95%
2018-2019 5 DF John Stones
95%
2019-2020 5 DF John Stones
95%
2020-2021 5 DF John Stones
95%
2021-2022 5 DF John Stones
95%
2022-2023 5 DF John Stones
95%
2023-2024 5 DF John Stones
95%
2024-2025 5 DF John Stones
95%
2017-2018 2 DF Kyle Walker
95%
2018-2019 2 DF Kyle Walker
95%
2019-2020 2 DF Kyle Walker
95%
2020-2021 2 DF Kyle Walker
95%
2021-2022 2 DF Kyle Walker
95%
2022-2023 2 DF Kyle Walker
95%
2023-2024 2 DF Kyle Walker
95%
2024-2025 2 DF Kyle Walker
95%
2020-2021 3 DF Rúben Dias
95%
2021-2022 3 DF Rúben Dias
95%
2022-2023 3 DF Rúben Dias
95%
2023-2024 3 DF Rúben Dias
95%
2024-2025 3 DF Rúben Dias
95%
2020-2021 6 DF Nathan Aké
94%
2021-2022 6 DF Nathan Aké
94%
2022-2023 6 DF Nathan Aké
94%
2023-2024 6 DF Nathan Aké
94%
2024-2025 6 DF Nathan Aké
94%
2017-2018 47 FW Phil Foden
94%
2018-2019 47 FW Phil Foden
94%
2019-2020 47 FW Phil Foden
94%
2020-2021 47 FW Phil Foden
94%
2021-2022 47 FW Phil Foden
94%
2022-2023 47 FW Phil Foden
94%
2023-2024 47 FW Phil Foden
94%
2024-2025 47 FW Phil Foden
94%
2018-2019 26 FW Riyad Mahrez
93%
2019-2020 26 FW Riyad Mahrez
93%
2020-2021 26 FW Riyad Mahrez
93%
2021-2022 26 FW Riyad Mahrez
93%
2022-2023 26 FW Riyad Mahrez
93%
2019-2020 16 MF Rodri
93%
2020-2021 16 MF Rodri
93%
2021-2022 16 MF Rodri
93%
2022-2023 16 MF Rodri
93%
2023-2024 16 MF Rodri
93%
2007-2008 25 GK Joe Hart
92%
2008-2009 1 GK Joe Hart
92%
2010-2011 25 GK Joe Hart
92%
2011-2012 25 GK Joe Hart
92%
2012-2013 1 GK Joe Hart
92%
2013-2014 1 GK Joe Hart
92%
2014-2015 1 GK Joe Hart
92%
2015-2016 1 GK Joe Hart
92%
2022-2023 25 DF Manuel Akanji
92%
2023-2024 25 DF Manuel Akanji
92%
2024-2025 25 DF Manuel Akanji
92%
2023-2024 8 MF Mateo Kovacic
92%
2024-2025 8 MF Mateo Kovacic
92%
2017-2018 35 DF Oleksandr Zinchenko
92%
2018-2019 35 DF Oleksandr Zinchenko
92%
2019-2020 11 DF Oleksandr Zinchenko
92%
2020-2021 11 DF Oleksandr Zinchenko
92%
2021-2022 11 DF Oleksandr Zinchenko
92%
2008-2009 33 DF Vincent Kompany
92%
2009-2010 33 DF Vincent Kompany
92%
2010-2011 4 DF Vincent Kompany
92%
2011-2012 4 DF Vincent Kompany
92%
2012-2013 4 DF Vincent Kompany
92%
2013-2014 4 DF Vincent Kompany
92%
2014-2015 4 DF Vincent Kompany
92%
2015-2016 4 DF Vincent Kompany
92%
2016-2017 4 DF Vincent Kompany
92%
2017-2018 4 DF Vincent Kompany
92%
2018-2019 4 DF Vincent Kompany
92%
2021-2022 10 FW Jack Grealish
91%
2022-2023 10 FW Jack Grealish
91%
2023-2024 10 FW Jack Grealish
91%
2024-2025 10 FW Jack Grealish
91%
2015-2016 7 FW Raheem Sterling
91%
2016-2017 7 FW Raheem Sterling
91%
2017-2018 7 FW Raheem Sterling
91%
2018-2019 7 FW Raheem Sterling
91%
2019-2020 7 FW Raheem Sterling
91%
2020-2021 7 FW Raheem Sterling
91%
2021-2022 7 FW Raheem Sterling
91%
2016-2017 33 FW Gabriel Jesus
90%
2017-2018 33 FW Gabriel Jesus
90%
2018-2019 33 FW Gabriel Jesus
90%
2019-2020 9 FW Gabriel Jesus
90%
2020-2021 9 FW Gabriel Jesus
90%
2021-2022 9 FW Gabriel Jesus
90%
2010-2011 10 FW Edin Džeko
89%
2011-2012 10 FW Edin Džeko
89%
2012-2013 10 FW Edin Džeko
89%
2013-2014 10 FW Edin Džeko
89%
2014-2015 10 FW Edin Džeko
89%
2023-2024 11 FW Jérémy Doku
89%
2024-2025 11 FW Jérémy Doku
89%
2023-2024 24 DF Josko Gvardiol
89%
2024-2025 24 DF Josko Gvardiol
89%
2016-2017 1 GK Claudio Bravo
88%
2017-2018 1 GK Claudio Bravo
88%
2019-2020 1 GK Claudio Bravo
88%
2013-2014 25 MF Fernandinho
88%
2014-2015 25 MF Fernandinho
88%
2015-2016 25 MF Fernandinho
88%
2016-2017 25 MF Fernandinho
88%
2017-2018 25 MF Fernandinho
88%
2018-2019 25 MF Fernandinho
88%
2019-2020 25 MF Fernandinho
88%
2020-2021 25 MF Fernandinho
88%
2021-2022 25 MF Fernandinho
88%
2019-2020 27 DF João Cancelo
87%
2020-2021 27 DF João Cancelo
87%
2021-2022 27 DF João Cancelo
87%
2022-2023 7 DF João Cancelo
87%
2010-2011 42 MF Yaya Touré
87%
2011-2012 42 MF Yaya Touré
87%
2012-2013 42 MF Yaya Touré
87%
2013-2014 42 MF Yaya Touré
87%
2014-2015 42 MF Yaya Touré
87%
2015-2016 42 MF Yaya Touré
87%
2016-2017 42 MF Yaya Touré
87%
2017-2018 42 MF Yaya Touré
87%
2009-2010 28 DF Kolo Touré
86%
2010-2011 28 DF Kolo Touré
86%
2011-2012 28 DF Kolo Touré
86%
2012-2013 28 DF Kolo Touré
86%
2015-2016 30 DF Nicolás Otamendi
83%
2016-2017 30 DF Nicolás Otamendi
83%
2017-2018 30 DF Nicolás Otamendi
83%
2018-2019 30 DF Nicolás Otamendi
83%
2019-2020 30 DF Nicolás Otamendi
83%
2024-2025 7 FW Omar Marmoush
83%
2016-2017 19 FW Leroy Sané
82%
2017-2018 19 FW Leroy Sané
82%
2018-2019 19 FW Leroy Sané
82%
2022-2023 18 GK Stefan Ortega
82%
2023-2024 18 GK Stefan Ortega
82%
2024-2025 18 GK Stefan Ortega
82%
2017-2018 14 DF Aymeric Laporte
81%
2018-2019 14 DF Aymeric Laporte
81%
2019-2020 14 DF Aymeric Laporte
81%
2020-2021 14 DF Aymeric Laporte
81%
2021-2022 14 DF Aymeric Laporte
81%
2022-2023 14 DF Aymeric Laporte
81%
2022-2023 19 FW Julián Alvarez
81%
2023-2024 19 FW Julián Alvarez
81%
2010-2011 13 DF Aleksandar Kolarov
79%
2011-2012 13 DF Aleksandar Kolarov
79%
2012-2013 13 DF Aleksandar Kolarov
79%
2013-2014 13 DF Aleksandar Kolarov
79%
2014-2015 11 DF Aleksandar Kolarov
79%
2015-2016 11 DF Aleksandar Kolarov
79%
2016-2017 11 DF Aleksandar Kolarov
79%
2017-2018 22 DF Benjamin Mendy
74%
2018-2019 22 DF Benjamin Mendy
74%
2019-2020 22 DF Benjamin Mendy
74%
2020-2021 22 DF Benjamin Mendy
74%
2021-2022 22 DF Benjamin Mendy
74%
2008-2009 14 FW
74%
2010-2011 27 FW
74%
2008-2009 5 DF Pablo Zabaleta
74%
2009-2010 5 DF Pablo Zabaleta
74%
2010-2011 5 DF Pablo Zabaleta
74%
2011-2012 5 DF Pablo Zabaleta
74%
2012-2013 5 DF Pablo Zabaleta
74%
2013-2014 5 DF Pablo Zabaleta
74%
2014-2015 5 DF Pablo Zabaleta
74%
2015-2016 5 DF Pablo Zabaleta
74%
2016-2017 5 DF Pablo Zabaleta
74%
2011-2012 19 MF Samir Nasri
74%
2012-2013 8 MF Samir Nasri
74%
2013-2014 8 MF Samir Nasri
74%
2014-2015 8 MF Samir Nasri
74%
2015-2016 8 MF Samir Nasri
74%
2010-2011 45 FW Mario Balotelli
73%
2011-2012 45 FW Mario Balotelli
73%
2012-2013 45 FW Mario Balotelli
73%
2024-2025 26 FW Savinho
73%
2009-2010 25 FW Emmanuel Adebayor
70%
2010-2011 9 FW Emmanuel Adebayor
70%
2023-2024 52 FW Oscar Bobb
70%
2024-2025 45 DF Abdukodir Khusanov
69%
2014-2015 6 MF Fernando
69%
2015-2016 6 MF Fernando
69%
2016-2017 6 MF Fernando
69%
2023-2024 27 MF Matheus Nunes
69%
2024-2025 27 MF Matheus Nunes
69%
2000-2001 29 FW Shaun Wright-Phillips
69%
2001-2002 29 FW Shaun Wright-Phillips
69%
2002-2003 29 FW Shaun Wright-Phillips
69%
2003-2004 29 FW Shaun Wright-Phillips
69%
2004-2005 29 FW Shaun Wright-Phillips
69%
2008-2009 8 FW Shaun Wright-Phillips
69%
2009-2010 8 FW Shaun Wright-Phillips
69%
2010-2011 8 FW Shaun Wright-Phillips
69%
2004-2005 42 FW Bradley Wright-Phillips
68%
2005-2006 42 FW Bradley Wright-Phillips
68%
2010-2011 7 MF James Milner
68%
2011-2012 7 MF James Milner
68%
2012-2013 7 MF James Milner
68%
2013-2014 7 MF James Milner
68%
2014-2015 7 MF James Milner
68%
2022-2023 4 MF Kalvin Phillips
68%
2023-2024 4 MF Kalvin Phillips
68%
2014-2015 3 DF Bacary Sagna
67%
2015-2016 3 DF Bacary Sagna
67%
2016-2017 3 DF Bacary Sagna
67%
2020-2021 21 FW Ferran Torres
67%
2021-2022 21 FW Ferran Torres
67%
2011-2012 22 DF Gaël Clichy
67%
2012-2013 22 DF Gaël Clichy
67%
2013-2014 22 DF Gaël Clichy
67%
2014-2015 22 DF Gaël Clichy
67%
2015-2016 22 DF Gaël Clichy
67%
2016-2017 22 DF Gaël Clichy
67%
2022-2023 82 DF Rico Lewis
67%
2023-2024 82 DF Rico Lewis
67%
2024-2025 82 DF Rico Lewis
67%
2009-2010 32 FW Carlos Tevez
66%
2010-2011 32 FW Carlos Tevez
66%
2011-2012 32 FW Carlos Tevez
66%
2012-2013 32 FW Carlos Tevez
66%
2014-2015 13 GK Willy Caballero
63%
2015-2016 13 GK Willy Caballero
63%
2016-2017 13 GK Willy Caballero
63%
2013-2014 26 DF Martín Demichelis
62%
2014-2015 26 DF Martín Demichelis
62%
2015-2016 26 DF Martín Demichelis
62%
2021-2022 80 MF Cole Palmer
61%
2022-2023 80 MF Cole Palmer
61%
2023-2024 80 MF Cole Palmer
61%
2008-2009 10 FW Robinho
61%
2009-2010 10 FW Robinho
61%
2024-2025 14 MF Nico González
60%
2013-2014 15 DF Jesús Navas
59%
2014-2015 15 DF Jesús Navas
59%
2015-2016 15 DF Jesús Navas
59%
2016-2017 15 DF Jesús Navas
59%
2017-2018 3 DF Danilo
58%
2018-2019 3 DF Danilo
58%
2005-2006 45 DF Micah Richards
58%
2006-2007 2 DF Micah Richards
58%
2007-2008 2 DF Micah Richards
58%
2008-2009 2 DF Micah Richards
58%
2009-2010 2 DF Micah Richards
58%
2010-2011 2 DF Micah Richards
58%
2011-2012 2 DF Micah Richards
58%
2012-2013 2 DF Micah Richards
58%
2013-2014 2 DF Micah Richards
58%
2013-2014 35 FW Stevan Jovetić
58%
2014-2015 35 FW Stevan Jovetić
58%
2013-2014 9 FW Álvaro Negredo
54%
2015-2016 18 MF Fabian Delph
54%
2016-2017 18 MF Fabian Delph
54%
2017-2018 18 MF Fabian Delph
54%
2018-2019 18 MF Fabian Delph
54%
2009-2010 18 MF Gareth Barry
54%
2010-2011 18 MF Gareth Barry
54%
2011-2012 18 MF Gareth Barry
54%
2012-2013 18 MF Gareth Barry
54%
2009-2010 19 DF Joleon Lescott
54%
2010-2011 19 DF Joleon Lescott
54%
2011-2012 6 DF Joleon Lescott
54%
2012-2013 6 DF Joleon Lescott
54%
2013-2014 6 DF Joleon Lescott
54%
2015-2016 75 MF Aleix García
53%
2016-2017 75 MF Aleix García
53%
2014-2015 20 DF Eliaquim Mangala
53%
2015-2016 20 DF Eliaquim Mangala
53%
2017-2018 15 DF Eliaquim Mangala
53%
2018-2019 50 DF Eric García
53%
2019-2020 50 DF Eric García
53%
2020-2021 50 DF Eric García
53%
2014-2015 14 FW Wilfried Bony
53%
2015-2016 14 FW Wilfried Bony
53%
2020-2021 13 GK Zack Steffen
53%
2021-2022 13 GK Zack Steffen
53%
2012-2013 14 MF Javi García
52%
2013-2014 14 MF Javi García
52%
2015-2016 76 MF Manu García
52%
2017-2018 55 FW Brahim Díaz
51%
2018-2019 55 FW Brahim Díaz
51%
2015-2016 72 FW Kelechi Iheanacho
51%
2016-2017 72 FW Kelechi Iheanacho
51%
2007-2008 32 GK Kasper Schmeichel
50%
2008-2009 34 MF Nigel de Jong
50%
2009-2010 34 MF Nigel de Jong
50%
2010-2011 34 MF Nigel de Jong
50%
2011-2012 34 MF Nigel de Jong
50%
2012-2013 34 MF Nigel de Jong
50%
2014-2015 18 MF Frank Lampard
49%
2008-2009 37 GK Shay Given
48%
2009-2010 1 GK Shay Given
48%
2010-2011 1 GK Shay Given
48%
2021-2022 87 MF James McAtee
46%
2024-2025 87 MF James McAtee
46%
2016-2017 9 FW Nolito
46%
2002-2003 1 GK Peter Schmeichel
46%
2011-2012 15 DF Stefan Savic
46%
2024-2025 75 MF Nico O'Reilly
45%
2012-2013 33 DF Matija Nastasić
44%
2013-2014 33 DF Matija Nastasić
44%
2014-2015 33 DF Matija Nastasić
44%
2009-2010 11 FW Adam Johnson
43%
2010-2011 11 FW Adam Johnson
43%
2011-2012 11 FW Adam Johnson
43%
2006-2007 33 MF Michael Johnson
42%
2007-2008 6 MF Michael Johnson
42%
2022-2023 21 FW Sergio Gómez
38%
2023-2024 21 FW Sergio Gómez
38%
2008-2009 39 FW Craig Bellamy
37%
2009-2010 39 FW Craig Bellamy
37%
2005-2006 38 MF Stephen Ireland
37%
2006-2007 7 MF Stephen Ireland
37%
2007-2008 7 MF Stephen Ireland
37%
2008-2009 7 MF Stephen Ireland
37%
2009-2010 7 MF Stephen Ireland
37%
2011-2012 30 GK Costel Pantilimon
36%
2012-2013 30 GK Costel Pantilimon
36%
2013-2014 30 GK Costel Pantilimon
36%
2018-2019 49 GK Arijanet Muric
35%
2023-2024 56 MF Jacob Wright
34%
2003-2004 1 GK David James
32%
2004-2005 1 GK David James
32%
2005-2006 1 GK David James
32%
2010-2011 17 DF Jérôme Boateng
32%
2002-2003 39 FW Nicolas Anelka
32%
2003-2004 39 FW Nicolas Anelka
32%
2004-2005 39 FW Nicolas Anelka
32%
2009-2010 14 FW Roque Santa Cruz
31%
2005-2006 9 FW Andy Cole
30%
2007-2008 11 MF Elano
30%
2008-2009 11 MF Elano
30%
2019-2020 12 DF Angeliño
29%
2009-2010 24 MF Patrick Vieira
28%
2010-2011 24 MF Patrick Vieira
28%
2000-2001 22 DF Richard Dunne
28%
2001-2002 22 DF Richard Dunne
28%
2002-2003 22 DF Richard Dunne
28%
2003-2004 22 DF Richard Dunne
28%
2004-2005 22 DF Richard Dunne
28%
2005-2006 22 DF Richard Dunne
28%
2006-2007 22 DF Richard Dunne
28%
2007-2008 22 DF Richard Dunne
28%
2008-2009 22 DF Richard Dunne
28%
2007-2008 15 FW Martin Petrov
27%
2009-2010 17 FW Martin Petrov
27%
2008-2009 25 DF Wayne Bridge
26%
2009-2010 3 DF Wayne Bridge
26%
2010-2011 3 DF Wayne Bridge
26%
2008-2009 28 FW Daniel Sturridge
25%
2009-2010 44 DF Dedryck Boyata
25%
2010-2011 38 DF Dedryck Boyata
25%
2013-2014 38 DF Dedryck Boyata
25%
2014-2015 38 DF Dedryck Boyata
25%
2012-2013 3 DF Maicon
25%
2006-2007 1 GK Andreas Isaksson
23%
2007-2008 1 GK Andreas Isaksson
23%
2020-2021 48 FW Liam Delap
23%
2000-2001 22 FW George Weah
22%
2011-2012 8 MF David Pizarro
21%
2006-2007 21 MF Dietmar Hamann
21%
2007-2008 21 MF Dietmar Hamann
21%
2008-2009 21 MF Dietmar Hamann
21%
2002-2003 33 FW Robbie Fowler
21%
2003-2004 8 FW Robbie Fowler
21%
2004-2005 8 FW Robbie Fowler
21%
2005-2006 7 FW Robbie Fowler
21%
2005-2006 20 FW Georgios Samaras
19%
2006-2007 20 FW Georgios Samaras
19%
2007-2008 20 FW Georgios Samaras
19%
2024-2025 66 DF Jahmai Simpson-Pusey
19%
2022-2023 32 MF Máximo Perrone
19%
2001-2002 17 DF Jihai Sun
18%
2002-2003 17 DF Jihai Sun
18%
2003-2004 17 DF Jihai Sun
18%
2004-2005 17 DF Jihai Sun
18%
2005-2006 17 DF Jihai Sun
18%
2006-2007 17 DF Jihai Sun
18%
2007-2008 17 DF Jihai Sun
18%
2002-2003 5 DF Sylvain Distin
18%
2003-2004 5 DF Sylvain Distin
18%
2004-2005 5 DF Sylvain Distin
18%
2005-2006 5 DF Sylvain Distin
18%
2006-2007 15 DF Sylvain Distin
18%
2002-2003 41 MF Joey Barton
17%
2003-2004 24 MF Joey Barton
17%
2004-2005 24 MF Joey Barton
17%
2005-2006 8 MF Joey Barton
17%
2006-2007 8 MF Joey Barton
17%
2003-2004 3 DF Daniel Van Buyten
16%
2003-2004 1 GK David Seaman
16%
2007-2008 20 FW Felipe Caicedo
16%
2008-2009 20 FW Felipe Caicedo
16%
2003-2004 6 MF Claudio Reyna
15%
2004-2005 6 MF Claudio Reyna
15%
2005-2006 6 MF Claudio Reyna
15%
2006-2007 6 MF Claudio Reyna
15%
2012-2013 11 FW Scott Sinclair
15%
2008-2009 26 DF Tal Ben Haim
15%
2003-2004 28 FW Trevor Sinclair
15%
2004-2005 28 FW Trevor Sinclair
15%
2005-2006 28 FW Trevor Sinclair
15%
2006-2007 28 FW Trevor Sinclair
15%
2007-2008 16 DF Vedran Corluka
15%
2007-2008 27 FW Benjani
14%
2008-2009 27 FW Benjani
14%
2009-2010 27 FW Benjani
14%
2007-2008 28 MF Gelson Fernandes
14%
2008-2009 19 MF Gelson Fernandes
14%
2002-2003 23 MF Marc-Vivien Foé
14%
2015-2016 53 DF Tosin Adarabioyo
13%
2017-2018 24 DF Tosin Adarabioyo
13%
2012-2013 17 DF Jack Rodwell
12%
2013-2014 17 DF Jack Rodwell
12%
2011-2012 20 MF Owen Hargreaves
12%
2000-2001 23 FW Paulo Wanchope
12%
2001-2002 23 FW Paulo Wanchope
12%
2003-2004 9 FW Paulo Wanchope
12%
2000-2001 10 FW Shaun Goater
12%
2001-2002 10 FW Shaun Goater
12%
2002-2003 10 FW Shaun Goater
12%
2006-2007 3 DF Michael Ball
11%
2007-2008 3 DF Michael Ball
11%
2008-2009 3 DF Michael Ball
11%
2004-2005 16 DF Nedum Onuoha
11%
2005-2006 16 DF Nedum Onuoha
11%
2006-2007 16 DF Nedum Onuoha
11%
2007-2008 4 DF Nedum Onuoha
11%
2008-2009 4 DF Nedum Onuoha
11%
2009-2010 4 DF Nedum Onuoha
11%
2011-2012 24 DF Nedum Onuoha
11%
2005-2006 11 FW Darius Vassell
10%
2006-2007 11 FW Darius Vassell
10%
2007-2008 12 FW Darius Vassell
10%
2008-2009 12 FW Darius Vassell
10%
2000-2001 9 FW Paul Dickov
10%
2006-2007 14 FW Paul Dickov
10%
2009-2010 16 DF Sylvinho
10%
2019-2020 69 MF Tommy Doyle
10%
2020-2021 69 MF Tommy Doyle
10%
2008-2009 24 FW Ched Evans
9%
2006-2007 9 FW Emile Mpenza
9%
2007-2008 9 FW Emile Mpenza
9%
2022-2023 97 DF Josh Wilson-Esbrand
9%
2000-2001 1 GK Nicky Weaver
9%
2001-2002 1 GK Nicky Weaver
9%
2003-2004 12 GK Nicky Weaver
9%
2006-2007 12 GK Nicky Weaver
9%
2016-2017 50 DF Pablo Maffeo
9%
2013-2014 64 FW Rony Lopes
9%
2003-2004 20 MF Steve McManaman
9%
2004-2005 20 MF Steve McManaman
9%
2006-2007 30 FW Bernardo Corradi
8%
2021-2022 56 DF CJ Egan-Riley
8%
2004-2005 18 DF Danny Mills
8%
2005-2006 18 DF Danny Mills
8%
2005-2006 26 DF Matt Mills
8%
2023-2024 92 FW Micah Hamilton
8%
2018-2019 34 DF Philippe Sandler
8%
2007-2008 10 FW Rolando Bianchi
8%
2019-2020 78 DF Taylor Harwood-Bellis
8%
2020-2021 78 DF Taylor Harwood-Bellis
8%
2006-2007 43 FW Ishmael Miller
7%
2007-2008 24 DF Javier Garrido
7%
2008-2009 15 DF Javier Garrido
7%
2009-2010 15 DF Javier Garrido
7%
2011-2012 62 MF Abdul Razak
6%
2012-2013 62 MF Abdul Razak
6%
2003-2004 10 MF Antoine Sibierski
6%
2004-2005 10 MF Antoine Sibierski
6%
2005-2006 10 MF Antoine Sibierski
6%
2004-2005 3 DF Ben Thatcher
6%
2005-2006 3 DF Ben Thatcher
6%
2006-2007 3 DF Ben Thatcher
6%
2006-2007 24 DF DaMarcus Beasley
6%
2006-2007 27 DF Hatem Trabelsi
6%
2014-2015 78 MF José Pozo
6%
2022-2023 62 MF Shea Charles
6%
2019-2020 82 MF Adrián Bernabé
5%
2001-2002 44 MF Ali Benarbia
5%
2002-2003 8 MF Ali Benarbia
5%
2000-2001 12 MF Andrey Kanchelskis
5%
2014-2015 36 MF Bruno Zuculini
5%
2007-2008 8 MF Geovanni
5%
2004-2005 14 FW Kiki Musampa
5%
2005-2006 14 FW Kiki Musampa
5%
2003-2004 18 DF Michael Tarnat
5%
2001-2002 3 DF Niclas Jensen
5%
2002-2003 3 DF Niclas Jensen
5%
2001-2002 2 DF Stuart Pearce
5%
2005-2006 19 MF Albert Riera
4%
2000-2001 19 DF Danny Tiatto
4%
2001-2002 19 DF Danny Tiatto
4%
2002-2003 19 DF Danny Tiatto
4%
2003-2004 19 DF Danny Tiatto
4%
2001-2002 39 MF Dickson Etuhu
4%
2013-2014 52 MF Emyr Huws
4%
2001-2002 14 MF Eyal Berkovic
4%
2002-2003 14 MF Eyal Berkovic
4%
2003-2004 14 MF Eyal Berkovic
4%
2000-2001 4 DF Gerard Wiekens
4%
2001-2002 4 DF Gerard Wiekens
4%
2002-2003 4 DF Gerard Wiekens
4%
2003-2004 4 DF Gerard Wiekens
4%
2001-2002 11 FW Jon Macken
4%
2002-2003 11 FW Jon Macken
4%
2003-2004 11 FW Jon Macken
4%
2004-2005 11 FW Jon Macken
4%
2007-2008 37 MF Kelvin Etuhu
4%
2000-2001 6 MF Kevin Horlock
4%
2001-2002 6 MF Kevin Horlock
4%
2002-2003 6 MF Kevin Horlock
4%
2021-2022 79 DF Luke Mbete
4%
2009-2010 38 GK Márton Fülöp
4%
2006-2007 5 MF Ousmane Dabo
4%
2003-2004 26 MF Paul Bosvelt
4%
2004-2005 26 MF Paul Bosvelt
4%
2000-2001 24 DF Steve Howey
4%
2001-2002 24 DF Steve Howey
4%
2002-2003 24 DF Steve Howey
4%
2000-2001 5 DF Andy Morrison
3%
2000-2001 20 GK Carlo Nash
3%
2001-2002 20 GK Carlo Nash
3%
2002-2003 20 GK Carlo Nash
3%
2000-2001 21 FW Darren Huckerby
3%
2001-2002 7 FW Darren Huckerby
3%
2002-2003 7 FW Darren Huckerby
3%
2002-2003 2 DF David Sommeil
3%
2003-2004 2 DF David Sommeil
3%
2004-2005 2 DF David Sommeil
3%
2005-2006 2 DF David Sommeil
3%
2010-2011 22 DF Greg Cunningham
3%
2000-2001 18 MF Jeff Whitley
3%
2000-2001 31 DF Laurent Charvet
3%
2001-2002 31 DF Laurent Charvet
3%
2004-2005 40 MF Lee Croft
3%
2005-2006 40 MF Lee Croft
3%
2000-2001 34 MF Mark Kennedy
3%
2007-2008 30 FW Nery Castillo
3%
2000-2001 16 DF Paul Ritchie
3%
2001-2002 16 DF Paul Ritchie
3%
2000-2001 3 DF Richard Edghill
3%
2001-2002 2 DF Richard Edghill
3%
2004-2005 41 DF Stephen Jordan
3%
2005-2006 41 DF Stephen Jordan
3%
2006-2007 4 DF Stephen Jordan
3%
2000-2001 28 MF Tony Grant
3%
2001-2002 28 MF Tony Grant
3%
2004-2005 44 MF Willo Flood
3%
2005-2006 44 MF Willo Flood
3%
2003-2004 25 GK Árni Arason
2%
2002-2003 40 MF Chris Shuker
2%
2001-2002 30 MF Christian Negouai
2%
2000-2001 36 DF Danny Granville
2%
2001-2002 36 DF Danny Granville
2%
2002-2003 31 MF Djamel Belmadi
2%
2000-2001 8 MF Ian Bishop
2%
2003-2004 32 GK Kevin Stuhr-Ellegaard
2%
2001-2002 25 DF Lucién Mettomo
2%
2002-2003 25 DF Lucién Mettomo
2%
2002-2003 27 DF Mikkel Bischoff
2%
2004-2005 21 GK Ronald Waterreus
2%
2000-2001 7 DF Spencer Prior
2%
2004-2005 31 MF Jonathan D'Laryea
1%
No matching quizzes found
Score Distribution
Percent of People with Each Score
Percentile by Number Answered
Your Score History
You have not taken this quiz since the last reset